Rozpoznávanie prekážok pomocou strojového videnia
Gespeichert in:
| 1. Verfasser: | |
|---|---|
| Weitere Verfasser: | |
| Format: | Manuskript Buch |
| Sprache: | Slowakisch |
| Veröffentlicht: |
Bratislava :
STU v Bratislave FEI,
2020
|
| Schlagworte: | |
| Online-Zugang: | https://opac.crzp.sk/?fn=detailBiblioForm&sid=64930206F366C8E34405EBC607D8&seo=CRZP-detail-kniha |
| Tags: |
Keine Tags, Fügen Sie das erste Tag hinzu!
|
MARC
| LEADER | 00000ntm a22000003a 4500 | ||
|---|---|---|---|
| 001 | stuzp74051 | ||
| 003 | SK-STU | ||
| 005 | 20200715103831.3 | ||
| 007 | ta | ||
| 008 | 150427s2015----xo-----f-mn---000-0-slo-d | ||
| 040 | |a STU |b slo | ||
| 041 | 0 | |a slo | |
| 044 | |a xo | ||
| 100 | 1 | |a Moravčík, Róbert |u 030400 |4 aut |U FEI Fakulta elektrotechniky a informatiky |T FEI Ústav automobilovej mechatroniky |X 79930 |U E400 |Y 642 |7 79930 | |
| 242 | 0 | 1 | |a Recognition of obstacles using machine vision. |y eng |
| 245 | 1 | 0 | |a Rozpoznávanie prekážok pomocou strojového videnia |
| 260 | |a Bratislava : | ||
| 260 | |b STU v Bratislave FEI, | ||
| 260 | |c 2020 | ||
| 300 | |a 90 s. | ||
| 650 | 4 | |a strojové videnie |2 slo | |
| 650 | 4 | |a počítačové videnie |2 slo | |
| 650 | 4 | |a neurónové siete |2 slo | |
| 650 | 4 | |a kamera |2 slo | |
| 650 | 4 | |a model kamery |2 slo | |
| 650 | 4 | |a núdzové brzdenie |2 slo | |
| 650 | 4 | |a Jetson Nano |2 slo | |
| 650 | 4 | |a detekcia objektov |2 slo | |
| 650 | 4 | |a autonómne vozidlá |2 slo | |
| 650 | 4 | |a brzdenie |2 slo | |
| 650 | 4 | |a ultrazvukové senzory |2 slo | |
| 650 | 4 | |a radar |2 slo | |
| 650 | 4 | |a LIDAR |2 slo | |
| 650 | 4 | |a Python |2 slo | |
| 650 | 4 | |a termokamera |2 slo | |
| 650 | 4 | |a machine vision |2 eng | |
| 650 | 4 | |a computer vision |2 eng | |
| 650 | 4 | |a neural networks |2 eng | |
| 650 | 4 | |a camera |2 eng | |
| 650 | 4 | |a camera model |2 eng | |
| 650 | 4 | |a emergency braking |2 eng | |
| 650 | 4 | |a Jetson Nano |2 eng | |
| 650 | 4 | |a object detection |2 eng | |
| 650 | 4 | |a autonomous vehicles |2 eng | |
| 650 | 4 | |a braking |2 eng | |
| 650 | 4 | |a ultrasonic sensors |2 eng | |
| 650 | 4 | |a radar |2 eng | |
| 650 | 4 | |a LIDAR |2 eng | |
| 650 | 4 | |a Python |2 eng | |
| 650 | 4 | |a thermal imager |2 eng | |
| 700 | 1 | |a Haffner, Oto |u 030400 |k Z1 |4 ths |U FEI Fakulta elektrotechniky a informatiky |T FEI Ústav automobilovej mechatroniky |X 56107 |U E400 |Y 642 |7 A000056107 | |
| 856 | 4 | |u https://opac.crzp.sk/?fn=detailBiblioForm&sid=64930206F366C8E34405EBC607D8&seo=CRZP-detail-kniha | |